<?xml version="1.0" encoding="UTF-8"?>
<record
    xmlns:xsi="http://www.w3.org/2001/XMLSchema-instance"
    xsi:schemaLocation="http://www.loc.gov/MARC21/slim http://www.loc.gov/standards/marcxml/schema/MARC21slim.xsd"
    xmlns="http://www.loc.gov/MARC21/slim">

  <leader>00641nam a22001937a 4500</leader>
  <controlfield tag="005">20220509113158.0</controlfield>
  <controlfield tag="008">220509b           ||||| |||| 00| 0 eng d</controlfield>
  <datafield tag="040" ind1=" " ind2=" ">
    <subfield code="c">AL</subfield>
  </datafield>
  <datafield tag="041" ind1=" " ind2=" ">
    <subfield code="a">Tulu</subfield>
  </datafield>
  <datafield tag="082" ind1=" " ind2=" ">
    <subfield code="2">23</subfield>
    <subfield code="a">T894.1</subfield>
    <subfield code="b">MANM</subfield>
  </datafield>
  <datafield tag="100" ind1=" " ind2=" ">
    <subfield code="a">Mandara Keshava Bhatta &#xCAE;&#xC82;&#xCA6;&#xCBE;&#xCB0; &#xC95;&#xCC7;&#xCB6;&#xCB5; &#xCAD;&#xC9F;&#xCCD;&#xC9F; </subfield>
    <subfield code="9">34958</subfield>
  </datafield>
  <datafield tag="245" ind1=" " ind2=" ">
    <subfield code="a">Mandara Ramayana &#xCAE;&#xC82;&#xCA6;&#xCBE;&#xCB0; &#xCB0;&#xCBE;&#xCAE;&#xCBE;&#xCAF;&#xCA3; </subfield>
  </datafield>
  <datafield tag="260" ind1=" " ind2=" ">
    <subfield code="a">Manipala &#xCAE;&#xCA3;&#xCBF;&#xCAA;&#xCBE;&#xCB2; </subfield>
    <subfield code="b">Sahitya sangha &#xCB8;&#xCBE;&#xCB9;&#xCBF;&#xCA4;&#xCCD;&#xCAF; &#xCB8;&#xC82;&#xC98; </subfield>
    <subfield code="c">1977</subfield>
  </datafield>
  <datafield tag="300" ind1=" " ind2=" ">
    <subfield code="a">44 p.</subfield>
    <subfield code="b">PB</subfield>
    <subfield code="c">17x11 cm.</subfield>
  </datafield>
  <datafield tag="365" ind1=" " ind2=" ">
    <subfield code="c">&#x20B9;</subfield>
    <subfield code="d">&#x20B9;2.50</subfield>
  </datafield>
  <datafield tag="650" ind1=" " ind2=" ">
    <subfield code="a">tulu poetry</subfield>
    <subfield code="9">34959</subfield>
  </datafield>
  <datafield tag="700" ind1=" " ind2=" ">
    <subfield code="a">MANDARA KESHAVA BHATTA</subfield>
    <subfield code="9">34960</subfield>
  </datafield>
  <datafield tag="942" ind1=" " ind2=" ">
    <subfield code="2">ddc</subfield>
    <subfield code="c">GF</subfield>
  </datafield>
  <datafield tag="999" ind1=" " ind2=" ">
    <subfield code="c">222843</subfield>
    <subfield code="d">222843</subfield>
  </datafield>
  <datafield tag="952" ind1=" " ind2=" ">
    <subfield code="0">0</subfield>
    <subfield code="1">0</subfield>
    <subfield code="2">ddc</subfield>
    <subfield code="4">0</subfield>
    <subfield code="7">0</subfield>
    <subfield code="8">OTH</subfield>
    <subfield code="a">AL</subfield>
    <subfield code="b">AL</subfield>
    <subfield code="d">2013-03-23</subfield>
    <subfield code="l">0</subfield>
    <subfield code="o">T894.1 MANM</subfield>
    <subfield code="p">GF02957</subfield>
    <subfield code="r">2022-05-09 00:00:00</subfield>
    <subfield code="v">2.50</subfield>
    <subfield code="w">2022-05-09</subfield>
    <subfield code="y">GF</subfield>
  </datafield>
</record>
